| 000 | 00371nam a22001217a 4500 | ||
|---|---|---|---|
| 008 | 180426b xxu||||| |||| 00| 0 eng d | ||
| 041 | _aeng | ||
| 080 | _a043.3 | ||
| 100 | _a0 | ||
| 101 | _aARK-BA | ||
| 245 |
_aProjektimi i "Vendit te Mireqenies" per Zhvillim te Qendrueshem: Perdorimi i Psikologjise se Ambientit dhe Dizajnit Ontologjikal _cKadriu, E |
||
| 942 |
_2udc _cBK |
||
| 999 |
_c45562 _d45562 |
||